উলিপুরের ইতিহাস ও লোকসাহিত্য / (Record no. 64002)
[ view plain ]
| 000 -LEADER | |
|---|---|
| fixed length control field | 00965nam a2200229 a 4500 |
| 001 - CONTROL NUMBER | |
| control field | 64002 |
| 003 - CONTROL NUMBER IDENTIFIER | |
| rucl marc code | BD-RjUL |
| 005 - DATE AND TIME OF LATEST TRANSACTION | |
| control field | 20211209081248.0 |
| 008 - FIXED-LENGTH DATA ELEMENTS--GENERAL INFORMATION | |
| fixed length control field | 170204s1993 bg a o ben | |
| 020 ## - INTERNATIONAL STANDARD BOOK NUMBER | |
| International Standard Book Number | : Tk.130.00 |
| 035 ## - SYSTEM CONTROL NUMBER | |
| System control number | (BD-RjUL)64132 |
| 040 ## - CATALOGING SOURCE | |
| Original cataloging agency | BD-RjUL |
| Language of cataloging | ben/eng |
| Modifying agency | BD-RjUL |
| Transcribing agency | BD-RjUL |
| 041 ## - LANGUAGE CODE | |
| Language code of text/sound track or separate title | ben |
| 082 ## - DEWEY DECIMAL CLASSIFICATION NUMBER | |
| Edition number | 23 |
| Classification number | 954.924 |
| Author mark and year | ROU |
| 100 ## - MAIN ENTRY--PERSONAL NAME | |
| Personal name | রায়হান, সৈয়দ আবু |
| 9 (RLIN) | 249041 |
| 245 10 - TITLE STATEMENT | |
| Title | উলিপুরের ইতিহাস ও লোকসাহিত্য / |
| Statement of responsibility, etc. | সৈয়দ আবু রায়হান |
| 260 ## - PUBLICATION, DISTRIBUTION, ETC. (IMPRINT) | |
| Place of publication, distribution, etc. | টাঙ্গাইল: |
| Name of publisher, distributor, etc. | রীনা খান, |
| Date of publication, distribution, etc. | ১৯৯৩ |
| 300 ## - PHYSICAL DESCRIPTION | |
| Pagination | ২৪০ পৃ. : |
| Illustrations | চিত্র ; |
| Size | ২০ সেমি. |
| 651 ## - SUBJECT ADDED ENTRY--GEOGRAPHIC NAME | |
| Geographic name | বাংলাদেশ |
| Geographic subdivision | কুড়িগ্রাম জেলা |
| -- | উলিপুর থানা |
| General subdivision | ইতিহাস |
| 9 (RLIN) | 249042 |
| Geographic name | Bangladesh |
| Geographic subdivision | Kurigram District |
| -- | Ulipur Thana |
| General subdivision | History |
| 9 (RLIN) | 249043 |
| 942 ## - ADDED ENTRY ELEMENTS (KOHA) | |
| Source of classification or shelving scheme | Dewey Decimal Classification |
| Koha item type | Rare Books |
| Lost status | Source of classification or shelving scheme | Damaged status | Not for loan | Collection code | Permanent Location | Current Location | Shelving location | Date acquired | Source of acquisition | Cost, normal purchase price | Total Checkouts | Full call number | Date last seen | Copy number | Koha item type |
|---|---|---|---|---|---|---|---|---|---|---|---|---|---|---|---|
| Dewey Decimal Classification | Not For Loan | Rare Books | Central Library, University of Rajshahi | Central Library, University of Rajshahi | Rare Book Section | 24/08/1994 | The Author | 130.00 | BRA 954.924 ROU 1993 | 10/10/2021 | C-1 | Rare Books |